| 000 | 00843nam a2200277 i 4500 | ||
|---|---|---|---|
| 001 | 000011947 | ||
| 003 | DO-SdBNP | ||
| 005 | 20240412074229.0 | ||
| 007 | ta | ||
| 008 | 091102s1996 dr 001 p spa d | ||
| 040 |
_aDO-SdBNP _bspa _cBNPHU _erda |
||
| 049 | _aBNPD | ||
| 082 | 4 |
_aRD861.44 _bR763m _222 |
|
| 100 | 1 |
_aRomero, Juana, _d1923- _928225 |
|
| 245 | 1 | 0 |
_aMaestra sin maestro / _cJuana Romero. |
| 264 |
_aCotuí, Santom Domingo : _bAmigo del Hogar, _c1996. |
||
| 300 |
_a82 páginas ; _c22 cm. |
||
| 336 |
_2rdacontent _atexto _btxt |
||
| 337 |
_2rdamedia _asin mediación _bn |
||
| 338 |
_2rdacarrier _avolumen _bnc |
||
| 500 | _aIncluye datos biográficos de la autora en la contracubierta. | ||
| 590 | _aInventariado, 2023/BT | ||
| 650 | 4 |
_aPoesía dominicana _966 |
|
| 650 | 0 |
_aLiteratura dominicana. _967 |
|
| 942 |
_2ddc _cLBS1 |
||
| 999 |
_c11617 _d11617 |
||